| 000 | 00711nam a2200193 a 4500 | ||
|---|---|---|---|
| 001 | 3398 | ||
| 005 | 20140414132003.0 | ||
| 008 | 040719s19uu xx 00 eng d | ||
| 020 | _a0-15-216362-X | ||
| 050 |
_aTR 811.52 _bW63 1998 |
||
| 100 | _aWilbur, Richard | ||
| 245 |
_aDisappearing alphabet (The) / _cRichard Wilbur ; illustrated by David Diaz. |
||
| 260 |
_aSan Diego : _bVoyager Books, _c1998. |
||
| 300 | _a1 v. p. : ill. ; cm. | ||
| 520 | _aA collection of twenty-six short poems pondering what the world would be like if any of the letters of the alphabet should disappear. | ||
| 650 |
_aEnglish language _xAlphabet _xJuvenile poetry. |
||
| 650 | _aChildren's poetry, American. | ||
| 999 |
_c113118 _d113118 |
||